| 000 | 00678nam a2200217Ia 4500 | ||
|---|---|---|---|
| 003 | GCL | ||
| 008 | 140319s9999 xx 000 0 ara d | ||
| 040 |
_aGCL / _cGCL |
||
| 082 | 0 | 4 |
_a150.195 _bس ك |
| 100 | 1 | _aسيجموند فرويد | |
| 245 | 1 | 0 |
_aالكف والعرض والقلق / _cسيجموند فرويد |
| 260 |
_a[S.N] : _bدار الشروق ، _c1989 |
||
| 300 | _a190 ص | ||
| 490 |
_aمكتبة التحليل النفسى والعلاج النفسى _v0 |
||
| 650 | 0 | 4 | _aعلم النفس |
| 650 | 0 | 4 | _aالتحليل النفسى |
| 650 | 0 | 4 | _aمذهب فرويد |
| 650 | 0 | 4 | _aالعلاج النفسى |
| 650 | 0 | 4 | _aالقلق |
| 942 |
_2ddc _cBK |
||
| 999 |
_c30533 _d30533 |
||